[Event "RUS-ch Men Rapid 2019"]
[Site "Sochi"]
[Date "2019.10.16"]
[Round "6.12"]
[White "Morozevich, Alexander"]
[Black "Zakaryan, David"]
[Result "0-1"]
[WhiteElo "2659"]
[BlackElo "2338"]
[Annotator "TA"]
[PlyCount "126"]
[EventDate "2019.10.15"]
[EventType "swiss"]
[EventCountry "RUS"]
[SourceTitle "playchess.com"]
[Source "ChessBase"]
[SourceQuality "1"]

{[%evp 10,126,4,13,41,38,39,42,40,40,38,45,35,41,49,37,49,50,45,45,56,27,32,50,40,27,33,36,32,0,0,0,0,0,0,0,0,0,0,0,3,0,8,9,8,8,20,25,49,32,33,8,50,50,50,50,58,54,64,66,73,59,113,113,108,107,102,84,103,102,104,88,79,8,8,8,8,0,0,0,0,0,0,0,12652,0,6,-8148,-6907,-6176,-6083,-6176,-5583,-5583,-5393,-5405,-5401,-5397,-8,-8,-8,-8,-8,-8,-8,-29984,-29985,-29984,-29985,-29987,-29988,-29988,-29989,-29989,-29990,-29990,-29991,-29990,-29991]} 1. e4 c5 2. Nc3 Nc6 3. Bb5 Nd4 4. Nf3 g6 5. O-O Bg7 6. Ba4 a6 {B31: Sicilian: 2...Nc6 3 Bb5 g6} (6... Qa5 {keeps more tension.} 7. Rb1 Nf6 8. e5 Nh5 9. d3 O-O) 7. Nxd4 cxd4 8. Ne2 e6 {White is slightly better.} 9. c3 b5 10. Bc2 dxc3 11. dxc3 Bb7 12. Qd6 Qb8 $146 ({Predecessor:} 12... Ne7 13. Rd1 Bc6 14. a4 bxa4 15. Bxa4 {1-0 (31) Wei,Y (2736)-Praggnanandhaa,R (2536) chess.com INT 2019}) 13. Qxb8+ Rxb8 14. a4 Ne7 15. Rd1 d5 16. axb5 axb5 17. Nd4 Bxd4 18. Rxd4 dxe4 19. Bf4 (19. Bg5 {looks sharper.} Nd5 20. Bxe4 O-O 21. f3 Ra8 22. Rdd1) 19... Ra8 20. Rxa8+ Bxa8 21. Rb4 Bc6 $1 22. c4 O-O 23. Bg5 f6 24. cxb5 Nd5 25. Rb3 Bxb5 26. Rxb5 {Hoping for Bh6.} fxg5 27. Bxe4 $11 {[%mdl 4096] Endgame KRB-KRN} Rc8 {[%cal Rc8c1]} (27... Rd8 {is interesting.} 28. h3 Kf7 29. Rb7+ Ne7 30. Bf3 Kf6) 28. g3 Rc1+ 29. Kg2 Rd1 30. Rb3 (30. Kf3 {with more complications.} Kf7 31. Rb7+ Ne7 32. b4 Kf6 33. Ke2) 30... Kg7 (30... Rd4 {seems wilder.} 31. Bxd5 exd5 32. h3 h5 33. Rb7 Kf8) 31. Rd3 Rxd3 32. Bxd3 $14 {KB-KN} Kf6 33. Kf3 Ke5 34. Kg4 Kf6 $1 35. Bc4 Nb4 (35... Nb6 $14 36. Bb5 Nd5) 36. Kf3 $1 $16 Kf5 37. Ke3 Ke5 38. Kd2 Nc6 39. Kc3 Nd4 40. b4 Nf3 41. b5 (41. h3 $16) 41... Nxh2 $11 42. Be2 h5 43. Kb4 Kd6 44. Ka5 Kc7 $1 45. Ka6 Kb8 $1 46. Kb6 h4 $2 {[%mdl 8192]} (46... g4 $11) 47. g4 $2 (47. gxh4 $1 $18 g4 48. Kc6) 47... e5 $1 {[%cal Re5e4] aiming for ...e4.} 48. f3 $2 {[%mdl 8192]} (48. Kc5 $11 e4 49. Kd4 Nf3+ 50. Kxe4) 48... h3 $19 49. Kc5 {[#]} Nxg4 $1 {[%mdl 512]} 50. Bf1 (50. fxg4 e4) 50... h2 51. Bg2 Nf2 52. Kd5 g4 53. fxg4 {[#]} Nxg4 $2 (53... e4 $1 $19 {[%cal Re4e3] ...e3 is the strong threat.} 54. Kd4 g5) 54. Kd6 $1 $11 g5 {And now ...Ne3 would win.} 55. Bc6 $1 e4 {[%mdl 64] Promotion} 56. Bxe4 Nf2 57. Bg2 $2 {[%mdl 8192]} (57. Bc6 $11) 57... g4 {Black mates.} 58. Ke5 {[#]} Nd3+ $1 59. Kf5 Ne1 60. Bd5 g3 61. Kg4 g2 62. Bxg2 Nxg2 63. Kg3 h1=Q {Accuracy: White = 64%, Black = 70%.} 0-1

[Event "RUS-ch Men Rapid 2019"]
[Site "Sochi"]
[Date "2019.10.16"]
[Round "6.13"]
[White "Moiseenko, Vadim"]
[Black "Ulybin, Mikhail"]
[Result "1-0"]
[WhiteElo "2532"]
[BlackElo "2455"]
[Annotator "TA"]
[PlyCount "97"]
[EventDate "2019.10.15"]
[EventType "swiss"]
[EventCountry "RUS"]
[SourceTitle "playchess.com"]
[Source "ChessBase"]
[SourceQuality "1"]

{[%evp 9,97,11,12,11,19,8,8,1,18,18,33,43,27,13,41,40,61,57,67,38,23,38,30,33,49,47,56,16,58,74,81,52,68,67,56,63,66,52,82,52,90,77,87,66,38,10,17,19,16,20,16,6,35,22,27,20,62,34,137,126,168,145,153,95,186,189,185,192,243,260,251,247,370,370,382,387,402,416,442,436,398,420,593,627,594,609,597,597,579,568]} 1. Nc3 d5 2. d4 Nf6 3. Bf4 c5 4. e3 e6 (4... cxd4 5. exd4 a6 6. Bd3 Nc6 7. Nge2 Bg4 8. f3 Bh5 9. h4 Bg6 10. g4 e6 11. h5 Bxd3 12. Qxd3 h6 13. O-O-O {0-1 (50) Jobava,B (2646)-Nisipeanu,L (2657) Spilimbergo 2018}) 5. Nb5 Na6 $1 6. Nf3 {D00: 1 d4 d5: Unusual lines} Be7 7. h3 O-O 8. Be2 {The position is equal.} Qa5+ 9. c3 c4 10. a4 $1 Bd7 11. Nd2 Rfc8 $146 ({Predecessor:} 11... Bxb5 12. axb5 Qxb5 {0-1 (61) Saurabh,K (2175)-Swapnil,S (2504) Mumbai 2016}) 12. O-O Ne8 13. e4 Nac7 14. exd5 exd5 15. Nxc7 Nxc7 16. Re1 Bf8 17. Nf3 Qb6 18. Qd2 Bf5 19. a5 Qb5 20. Bd1 {aiming for Bxc7.} Ne6 21. Bg3 Rd8 22. Ne5 f6 23. Ng4 Ng5 24. f3 Qa6 25. Ne3 Bd3 26. Bc2 Bxc2 $1 27. Nxc2 Qb5 28. Ne3 Re8 29. Qc2 Rad8 30. Bf2 Qd7 31. b3 cxb3 32. Qxb3 Re6 33. Reb1 b6 ({Black should play} 33... Rc6 $14) 34. Qb5 $16 Nf7 35. Qxd7 Rxd7 36. Rb5 (36. axb6 $142 Rxb6 37. Rxb6 axb6 38. Rb1) 36... Rc6 {[#]} (36... Nd6 $16 37. Rxd5 b5) 37. axb6 $1 $18 ({Resist} 37. Nxd5 $6 Nd6 $16) (37. Rxd5 Rxd5 38. Nxd5 b5) 37... Rxb6 38. Rxd5 Rc7 (38... Rdb7 {was called for.} 39. Rda5 Rb1+ 40. Kh2 Rxa1 41. Rxa1 Ng5) 39. c4 Rb2 40. Rda5 Nd6 (40... Rd2 $142 41. Nf1 (41. Rxa7 Rxa7 42. Rxa7 Rxd4 $16) 41... Rd3) 41. Rxa7 Rc8 42. Ra8 Rxa8 43. Rxa8 Kf7 44. Bg3 Rb1+ 45. Kh2 Rb3 {[#]} (45... Ne8 {is a better defense.} 46. Ra7+ Kg8) 46. Rxf8+ $1 {[%mdl 64] Remove Defender. White is clearly winning.} Kxf8 47. Bxd6+ Kf7 48. Nd5 Rd3 49. Bc5 {Accuracy: White = 72%, Black = 35%.} 1-0

[Event "RUS-ch Men Rapid 2019"]
[Site "Sochi"]
[Date "2019.10.16"]
[Round "6.14"]
[White "Sakaev, Konstantin"]
[Black "Jary, Sergey"]
[Result "1-0"]
[WhiteElo "2595"]
[BlackElo "2275"]
[Annotator "ChessBase"]
[PlyCount "67"]
[EventDate "2019.10.15"]
[EventType "swiss"]
[EventCountry "RUS"]
[SourceTitle "playchess.com"]
[Source "ChessBase"]
[SourceQuality "1"]
[TimeControl "900+10"]

1. d4 {[%emt 0:00:00]} Nf6 {[%emt 0:00:00]} 2. c4 {[%emt 0:00:00]} g6 {[%emt 0:00:00]} 3. Nc3 {[%emt 0:00:00]} d5 {[%emt 0:00:01]} 4. cxd5 {[%emt 0:00:00]} Nxd5 {[%emt 0:00:01]} 5. e4 {[%emt 0:00:00]} Nb6 {[%emt 0:00:01]} 6. Be3 {[%emt 0:01:40]} Bg7 {[%emt 0:00:14]} 7. Qd2 {[%emt 0:00:06]} O-O {[%emt 0:00:36]} 8. O-O-O {[%emt 0:00:21]} Nc6 {[%emt 0:00:14]} 9. h4 {[%emt 0:00:47]} h5 {[%emt 0:00:40]} 10. f3 {[%emt 0:01:58]} f5 {[%emt 0:00:21]} 11. e5 {[%emt 0:00:43]} Nb4 {[%emt 0:01:14]} 12. Nh3 {[%emt 0:00:19]} N4d5 {[%emt 0:00:15]} 13. Nxd5 {[%emt 0:04:29]} Nxd5 {[%emt 0:00:22]} 14. Bc4 {[%emt 0:00:06]} b5 {[%emt 0:00:04]} 15. Bxb5 {[%emt 0:00:40]} Nxe3 {[%emt 0:01:39]} 16. Qxe3 {[%emt 0:00:01]} Qd5 {[%emt 0:00:46]} 17. Qb3 {[%emt 0:01:47]} Be6 {[%emt 0:00:29]} 18. Qxd5 {[%emt 0:00:02]} Bxd5 {[%emt 0:00:01]} 19. Kb1 {[%emt 0:00:02]} Rab8 {[%emt 0:00:12]} 20. Ba4 {[%emt 0:01:08]} Bh6 {[%emt 0:00:10]} 21. Rd3 {[%emt 0:00:30]} Rb4 {[%emt 0:00:03]} 22. Bb3 {[%emt 0:00:02]} Bxb3 {[%emt 0:00:42]} 23. axb3 {[%emt 0:00:01]} Rfb8 {[%emt 0:00:01]} 24. Kc2 {[%emt 0:00:14]} R8b5 {[%emt 0:00:27]} 25. Ra1 {[%emt 0:00:43]} a5 {[%emt 0:00:21]} 26. Ra4 {[%emt 0:00:02]} Rd5 {[%emt 0:00:20]} 27. f4 {[%emt 0:00:54]} Kf7 {[%emt 0:00:57]} 28. g3 {[%emt 0:00:12]} Ke6 {[%emt 0:00:50]} 29. Ng1 {[%emt 0:00:55]} c5 {[%emt 0:00:36]} 30. Ne2 {[%emt 0:00:48]} cxd4 {[%emt 0:00:57]} 31. Rxd4 {[%emt 0:00:55]} Rc5+ {[%emt 0:03:21]} 32. Nc3 {[%emt 0:00:02]} Rb7 {[%emt 0:01:12]} 33. Rdc4 {[%emt 0:00:06]} Rxc4 {[%emt 0:00:11]} 34. bxc4 {[%emt 0:00:22] Kd5} 1-0

[Event "RUS-ch Men Rapid 2019"]
[Site "Sochi"]
[Date "2019.10.16"]
[Round "6.15"]
[White "Nozdrachev, Vladislav"]
[Black "Tekeyev, Zaur"]
[Result "0-1"]
[WhiteElo "2494"]
[BlackElo "2384"]
[Annotator "RC"]
[PlyCount "88"]
[EventDate "2019.10.15"]
[EventType "swiss"]
[EventCountry "RUS"]
[SourceTitle "playchess.com"]
[Source "ChessBase"]
[SourceQuality "1"]
[TimeControl "900+10"]

1. e4 {[%emt 0:00:00]} c5 {[%emt 0:01:03]} 2. Nf3 {[%emt 0:00:00]} Nc6 {[%emt 0:00:01]} 3. Bb5 {[%emt 0:00:01]} g6 {[%emt 0:00:02]} 4. O-O {[%emt 0:00:03]} Bg7 {[%emt 0:00:01]} 5. Re1 {[%emt 0:00:02]} e5 {[%emt 0:00:01]} 6. Bxc6 {[%emt 0:00:02]} dxc6 {[%emt 0:00:01]} 7. d3 {[%emt 0:00:02]} Qe7 {[%emt 0:00:02]} 8. a4 {[%emt 0:00:14]} Nf6 {[%emt 0:01:05]} 9. Bg5 {[%emt 0:00:24]} h6 {[%emt 0:00:34]} 10. Be3 {[%emt 0:00:02]} O-O {[%emt 0:01:53]} 11. a5 {[%emt 0:00:46]} c4 {[%emt 0:03:52]} 12. Qc1 {[%emt 0:02:36]} Kh7 {[%emt 0:03:11]} 13. d4 {[%emt 0:00:20]} Ng4 {[%emt 0:01:03]} 14. dxe5 {[%emt 0:00:13]} Nxe5 {[%emt 0:00:12]} 15. Nxe5 {[%emt 0:00:05]} Qxe5 {[%emt 0:00:02]} 16. c3 {[%emt 0:02:04]} Be6 {[%emt 0:02:33]} 17. Bd4 {[%emt 0:00:02]} Qh5 {[%emt 0:00:18]} 18. Bxg7 {[%emt 0:00:21]} Kxg7 {[%emt 0:00:01]} 19. Nd2 {[%emt 0:00:02]} Rad8 {[%emt 0:00:04]} 20. Nf3 {[%emt 0:00:42]} c5 {[%emt 0:00:07]} 21. Qf4 {[%emt 0:00:22]} Rd3 {[%emt 0:00:20]} 22. Ne5 {[%emt 0:01:11]} g5 {[%emt 0:00:33]} 23. Qc1 {[%emt 0:00:07]} Rd6 {[%emt 0:00:23]} 24. Qe3 {[%emt 0:00:44]} b6 {[%emt 0:00:01]} 25. axb6 {[%emt 0:01:09]} axb6 {[%emt 0:00:01]} 26. h3 {[%emt 0:00:24]} Qh4 {[%emt 0:00:33]} 27. g4 {[%emt 0:00:57]} Rfd8 {[%emt 0:00:38]} 28. Kg2 {[%emt 0:00:29]} Rd3 {[%emt 0:00:29]} 29. Nxd3 {[%emt 0:00:06]} Rxd3 {[%emt 0:00:03]} 30. Qg3 {[%emt 0:00:03]} Qxg3+ {[%emt 0:00:18]} 31. fxg3 {[%emt 0:00:02]} Rd2+ {[%emt 0:00:03]} 32. Kf3 {[%emt 0:00:15]} Rxb2 {[%emt 0:00:02]} 33. Rab1 {[%emt 0:00:02]} Rb3 {[%emt 0:00:27]} 34. Rec1 {[%emt 0:00:30]} Kf6 {[%emt 0:00:12]} 35. Ke3 {[%emt 0:00:15]} b5 {[%emt 0:00:16]} 36. Kd2 {[%emt 0:01:18]} Ke5 {[%emt 0:00:05]} 37. Ke3 {[%emt 0:00:01]} b4 {[%emt 0:00:11]} 38. Rxb3 {[%emt 0:00:07]} cxb3 {[%emt 0:00:02]} 39. cxb4 {[%emt 0:00:07]} c4 {[%emt 0:00:24]} 40. Rb1 {[%emt 0:00:59]} Bd7 {[%emt 0:00:17]} 41. Ra1 {[%emt 0:01:06]} Bb5 {[%emt 0:00:14]} 42. Rb1 {[%emt 0:01:24]} Bc6 {[%emt 0:00:08]} 43. Ra1 {[%emt 0:00:33]} b2 {[%emt 0:00:09]} 44. Re1 {[%emt 0:00:26]} Bxe4 {[%emt 0:00:10] Kd4+} 0-1

[Event "RUS-ch Men Rapid 2019"]
[Site "Sochi"]
[Date "2019.10.16"]
[Round "6.16"]
[White "Kabanov, Nikolai"]
[Black "Khismatullin, Denis"]
[Result "0-1"]
[WhiteElo "2455"]
[BlackElo "2611"]
[Annotator "TA"]
[PlyCount "76"]
[EventDate "2019.10.15"]
[EventType "swiss"]
[EventCountry "RUS"]
[SourceTitle "playchess.com"]
[Source "ChessBase"]
[SourceQuality "1"]

{[%evp 17,76,89,101,67,65,62,53,49,66,69,66,24,4,0,4,0,0,0,0,0,71,12,12,18,19,13,12,0,34,35,33,22,35,46,61,17,19,20,13,11,15,20,10,15,18,0,0,-25,-29,-75,-75,-87,-80,-76,-88,-100,-60,-577,-561,-741,-724]} 1. e4 d6 2. d4 Nf6 3. Nc3 c6 4. Nf3 Bg4 5. h3 Bh5 6. Qe2 e6 7. g4 Bg6 8. h4 h5 9. g5 Nfd7 10. Bf4 {A41: 1 d4 d6: Tartakower System and Modern Defence} Be7 11. Bh3 O-O 12. a4 $146 {White is slightly better.} ({Predecessor:} 12. O-O b5 13. a3 Nb6 14. Bg3 N8d7 15. Ne1 e5 16. Rd1 f6 17. dxe5 fxe5 18. Nd3 {½-½ (49) Lastin,A (2651)-Bocharov,D (2597) Serpukhov 2008}) 12... d5 13. O-O Bb4 14. Nd2 c5 15. exd5 cxd4 16. Na2 Bxd2 17. Qxd2 exd5 18. Qxd4 Nb6 {[#]} (18... Nc6 $11 {keeps the balance.} 19. Qxd5 Nb6 20. Qxd8 Raxd8) 19. Nb4 ({White should play} 19. Bxb8 $1 $16 Rxb8 20. Nc3) 19... a5 $1 $11 {[%cal Ra5b4]} 20. Nd3 $36 {[%mdl 2048] White has good play.} Nc6 21. Qc5 Re8 22. b3 Re4 23. Rfe1 Rd4 24. Bg3 {Threatens to win with Ne5.} Bxd3 25. cxd3 Rxd3 26. Re3 Nd7 27. Qd6 Rxe3 28. fxe3 Nf8 $1 29. Qxd8 $1 Rxd8 30. Rd1 Ne6 31. Bg2 d4 32. Bxc6 bxc6 33. exd4 Rxd4 {KRB-KRN} 34. Rc1 Rd3 35. Be1 Nd4 {White must now prevent ...Ne2+.} 36. Kg2 Kh7 37. Bxa5 $2 {[%mdl 8192]} (37. b4 $15) 37... Nxb3 $19 {[%mdl 64] [#] Double Attack} 38. Rc3 Rd2+ {Accuracy: White = 42%, Black = 69%.} 0-1

[Event "RUS-ch Men Rapid 2019"]
[Site "Sochi"]
[Date "2019.10.16"]
[Round "6.17"]
[White "Papin, Vasily"]
[Black "Ivlev, Aleksey"]
[Result "1/2-1/2"]
[WhiteElo "2481"]
[BlackElo "2292"]
[Annotator "ChessBase"]
[PlyCount "71"]
[EventDate "2019.10.15"]
[EventType "swiss"]
[EventCountry "RUS"]
[SourceTitle "playchess.com"]
[Source "ChessBase"]
[SourceQuality "1"]
[TimeControl "900+10"]

1. Nf3 {[%emt 0:00:00]} d5 {[%emt 0:00:00]} 2. e3 {[%emt 0:00:00]} Nf6 {[%emt 0:00:00]} 3. c4 {[%emt 0:00:00]} c6 {[%emt 0:00:10]} 4. Nc3 {[%emt 0:00:03]} e6 {[%emt 0:00:03]} 5. b3 {[%emt 0:00:12]} Nbd7 {[%emt 0:00:04]} 6. Qc2 {[%emt 0:00:05]} Bd6 {[%emt 0:00:04]} 7. Bb2 {[%emt 0:00:16]} Qe7 {[%emt 0:00:11]} 8. Be2 {[%emt 0:00:13]} O-O {[%emt 0:00:05]} 9. O-O {[%emt 0:00:40]} b6 {[%emt 0:00:03]} 10. cxd5 {[%emt 0:00:33]} exd5 {[%emt 0:00:17]} 11. Nd4 {[%emt 0:00:05]} Nb8 {[%emt 0:04:42]} 12. Nf5 {[%emt 0:00:57]} Bxf5 {[%emt 0:00:22]} 13. Qxf5 {[%emt 0:00:02]} Ba3 {[%emt 0:00:10]} 14. Bxa3 {[%emt 0:01:15]} Qxa3 {[%emt 0:00:02]} 15. Rfc1 {[%emt 0:00:12]} Nbd7 {[%emt 0:00:54]} 16. d4 {[%emt 0:00:43]} Qd6 {[%emt 0:01:02]} 17. Rc2 {[%emt 0:00:03]} Rfe8 {[%emt 0:02:15]} 18. Rac1 {[%emt 0:00:08]} Re6 {[%emt 0:02:16]} 19. Qd3 {[%emt 0:01:14]} Rae8 {[%emt 0:01:06]} 20. Qa6 {[%emt 0:02:27]} Qb8 {[%emt 0:00:01]} 21. Bf3 {[%emt 0:00:00]} h5 {[%emt 0:01:44]} 22. g3 {[%emt 0:03:03]} g6 {[%emt 0:00:07]} 23. Ne2 {[%emt 0:01:31]} c5 {[%emt 0:00:27]} 24. Nf4 {[%emt 0:00:27]} Rd6 {[%emt 0:00:01]} 25. Qb5 {[%emt 0:00:19]} Kg7 {[%emt 0:00:52]} 26. Rd1 {[%emt 0:00:15]} cxd4 {[%emt 0:01:05]} 27. Rxd4 {[%emt 0:00:41]} Ne5 {[%emt 0:00:01]} 28. Bg2 {[%emt 0:00:12]} Red8 {[%emt 0:00:56]} 29. Rcd2 {[%emt 0:00:19]} Nc6 {[%emt 0:00:00]} 30. R4d3 {[%emt 0:00:10]} a6 {[%emt 0:00:01]} 31. Qa4 {[%emt 0:00:10]} b5 {[%emt 0:00:05]} 32. Qa3 {[%emt 0:00:02]} Ne5 {[%emt 0:00:03]} 33. Rd4 {[%emt 0:00:21]} Nc6 {[%emt 0:00:01]} 34. R4d3 {[%emt 0:01:52]} Ne5 {[%emt 0:00:01]} 35. Rd4 {[%emt 0:00:01]} Nc6 {[%emt 0:00:51]} 36. R4d3 {[%emt 0:00:02]} 1/2-1/2

[Event "RUS-ch Men Rapid 2019"]
[Site "Sochi"]
[Date "2019.10.16"]
[Round "6.18"]
[White "Utnasunov, Alexander"]
[Black "Gutenev, Alexander"]
[Result "0-1"]
[WhiteElo "2442"]
[BlackElo "2469"]
[Annotator "ChessBase"]
[PlyCount "70"]
[EventDate "2019.10.15"]
[EventType "swiss"]
[EventCountry "RUS"]
[SourceTitle "playchess.com"]
[Source "ChessBase"]
[SourceQuality "1"]
[TimeControl "900+10"]

1. d4 {[%emt 0:00:00]} Nf6 {[%emt 0:00:53]} 2. c4 {[%emt 0:00:00]} b6 {[%emt 0:00:03]} 3. Nc3 {[%emt 0:00:09]} Bb7 {[%emt 0:00:01]} 4. f3 {[%emt 0:00:04]} d5 {[%emt 0:00:07]} 5. cxd5 {[%emt 0:00:06]} Nxd5 {[%emt 0:00:02]} 6. e4 {[%emt 0:00:09]} Nxc3 {[%emt 0:00:02]} 7. bxc3 {[%emt 0:00:01]} e5 {[%emt 0:00:03]} 8. Bb5+ {[%emt 0:00:49]} c6 {[%emt 0:00:10]} 9. Bc4 {[%emt 0:00:20]} b5 {[%emt 0:01:13]} 10. Bb3 {[%emt 0:00:10]} exd4 {[%emt 0:00:03]} 11. Qxd4 {[%emt 0:02:35]} Nd7 {[%emt 0:01:49]} 12. Ne2 {[%emt 0:01:30]} c5 {[%emt 0:01:05]} 13. Qf2 {[%emt 0:00:02]} Ne5 {[%emt 0:01:03]} 14. O-O {[%emt 0:01:22]} Nd3 {[%emt 0:00:10]} 15. Qg3 {[%emt 0:00:46]} c4 {[%emt 0:00:02]} 16. Bc2 {[%emt 0:00:39]} Bc5+ {[%emt 0:00:02]} 17. Kh1 {[%emt 0:00:03]} O-O {[%emt 0:00:31]} 18. Nf4 {[%emt 0:03:57]} Nxc1 {[%emt 0:05:15]} 19. Nh5 {[%emt 0:02:20]} g6 {[%emt 0:00:01]} 20. Qe5 {[%emt 0:00:03]} gxh5 {[%emt 0:00:33]} 21. Qxc5 {[%emt 0:00:02]} Nd3 {[%emt 0:00:59]} 22. Qxb5 {[%emt 0:00:02]} Qb6 {[%emt 0:00:32]} 23. Qxh5 {[%emt 0:02:17]} Qg6 {[%emt 0:01:11]} 24. Qb5 {[%emt 0:01:05]} Ba6 {[%emt 0:00:03]} 25. Qa5 {[%emt 0:00:01]} Rab8 {[%emt 0:00:38]} 26. Rab1 {[%emt 0:00:03]} Rb6 {[%emt 0:00:40]} 27. g3 {[%emt 0:00:21]} Rfb8 {[%emt 0:00:07]} 28. Qd5 {[%emt 0:00:15]} Rxb1 {[%emt 0:00:14]} 29. Rxb1 {[%emt 0:00:02]} Rxb1+ {[%emt 0:00:07]} 30. Bxb1 {[%emt 0:00:00]} Qb6 {[%emt 0:00:21]} 31. Bc2 {[%emt 0:00:05]} Bb7 {[%emt 0:00:38]} 32. Qxc4 {[%emt 0:00:05]} Ne5 {[%emt 0:00:25]} 33. Qe2 {[%emt 0:00:02]} Ba6 {[%emt 0:00:10]} 34. Qg2 {[%emt 0:00:48]} Qe3 {[%emt 0:00:11]} 35. h4 {[%emt 0:00:09]} Nxf3 {[%emt 0:00:09]} 0-1

[Event "RUS-ch Men Rapid 2019"]
[Site "Sochi"]
[Date "2019.10.16"]
[Round "6.19"]
[White "Drygalov, Andrey"]
[Black "Shcherbin, Matvei"]
[Result "1-0"]
[WhiteElo "2484"]
[BlackElo "2366"]
[Annotator "TA"]
[PlyCount "83"]
[EventDate "2019.10.15"]
[EventType "swiss"]
[EventCountry "RUS"]
[SourceTitle "playchess.com"]
[Source "ChessBase"]
[SourceQuality "1"]

{[%evp 17,83,34,21,0,0,0,9,-2,2,0,34,5,54,25,16,0,37,35,56,49,190,0,0,0,12,12,14,10,45,43,87,47,47,23,82,37,92,0,0,0,0,0,61,61,60,61,52,51,51,58,52,52,52,64,39,14,14,18,81,66,74,72,81,81,340,340,325,293]} 1. Nf3 b6 2. c4 Bb7 3. d4 Nf6 4. g3 e6 5. Bg2 Be7 6. O-O O-O 7. Re1 d5 8. cxd5 exd5 9. Nc3 Nbd7 10. b3 {E17: Queen's Indian: 4 g3 Bb7 5 Bg2 Be7} Ne4 11. Bb2 Bb4 12. Rc1 {The position is equal.} Re8 13. e3 {[#]} Rc8 $146 ({Predecessor:} 13... Ndf6 14. Ne5 Nxc3 15. Bxc3 Ba3 16. Rc2 {½-½ (51) Houska,J (2393)-Sargissian,G (2652) Douglas 2017}) 14. Re2 Qe7 15. Rec2 Nxc3 16. Bxc3 Ba3 17. Bb2 {And now Bxa3 would win.} Bd6 18. Bh3 Rcd8 ({Black should play} 18... g6 $14) 19. Bf1 $2 (19. Rxc7 $18 Bxc7 20. Rxc7) 19... c6 $11 20. Ne1 a5 21. Nd3 g6 22. Bg2 h5 23. Re2 Bb8 24. Qd2 Qd6 25. a4 Ba6 (25... Nf6 $11) 26. Ree1 h4 (26... Bb7 $14) 27. Rc2 ({Better is} 27. e4 $16) 27... hxg3 28. hxg3 Qe6 $1 29. Rec1 Bb7 (29... Qf5 $11) 30. b4 $14 axb4 31. Nxb4 c5 32. dxc5 Nxc5 {next ...Nb3 is good for Black.} 33. Qd4 {[%csl Gb2][%cal Rd4h8] [#]} Be5 34. Qxe5 Qxe5 35. Bxe5 Rxe5 36. Ra2 Ra8 37. Rca1 $36 {[%mdl 2048] White has good play.} Nb3 (37... Ra5 $11 {remains equal.}) 38. Rd1 {[%cal Rb4d5]} Nc5 39. Bxd5 Bxd5 40. Nxd5 {[#] Strongly threatening f4.} Nxa4 $2 {[%mdl 8192]} (40... Rxa4 $16 41. Rb2 Kg7) 41. f4 $18 Re6 42. Rd4 {Played: Nd5-c7} 1-0

[Event "RUS-ch Men Rapid 2019"]
[Site "Sochi"]
[Date "2019.10.16"]
[Round "6.20"]
[White "Sadovsky, Artem"]
[Black "Zakhartsov, Vladimir"]
[Result "1/2-1/2"]
[WhiteElo "2411"]
[BlackElo "2514"]
[Annotator "TA"]
[PlyCount "89"]
[EventDate "2019.10.15"]
[EventType "swiss"]
[EventCountry "RUS"]
[SourceTitle "playchess.com"]
[Source "ChessBase"]
[SourceQuality "1"]

{[%evp 14,89,-7,-6,-4,-7,36,44,41,38,31,39,44,17,154,156,163,169,166,182,160,104,100,109,107,100,102,103,107,105,102,97,110,87,93,89,106,85,87,79,248,98,89,84,83,-93,-92,-87,-103,-113,-121,-114,-113,-116,-90,-127,-93,-101,-62,-84,-27,-32,0,0,0,0,0,0,0,0,0,0,0,0,0,0,0,0]} 1. c4 e5 2. g3 Nf6 3. Bg2 c6 4. Nf3 e4 5. Nd4 d5 6. cxd5 Qxd5 7. Nc2 Qh5 8. h3 Bc5 {A20: English Opening: 1...e5} (8... Nbd7 9. Nc3 Qg6 10. Ne3 Bc5 11. Qc2 Bxe3 12. dxe3 Nc5 13. b4 Na6 14. Rb1 Bf5 15. b5 cxb5 16. Nxb5 {1-0 (48) Svidler,P (2759)-Wang,H (2734) Almaty 2016}) 9. Nc3 Qe5 10. d4 $146 ({Predecessor:} 10. b4 Bb6 11. Bb2 Qe7 12. Na4 Bc7 13. Nc5 Be5 14. Bxe5 Qxe5 15. d3 exd3 16. Nxd3 {½-½ (82) Skembris,S (2441)-Riff,J (2452) Germany 2013}) 10... exd3 $1 {White is slightly better.} 11. Qxd3 O-O 12. Bf4 Qe7 13. Rd1 {Black must now prevent b4!} Be6 {[#]} (13... a5 $11 {keeps the balance.}) 14. b4 $1 $16 {[%cal Rb4c5][%mdl 512]} Bb6 (14... Bxb4 15. Nxb4) 15. Bd6 $36 {[%mdl 2112] Skewer. Black is under strong pressure.} Qd8 16. Bxf8 Qxf8 17. Nd4 (17. a3 $142) 17... Qxb4 18. Nxe6 fxe6 19. O-O Nbd7 20. Ne4 Nxe4 21. Qxe4 Qe7 22. Kh2 Rf8 23. f4 Nf6 24. Qe5 Bc7 25. Qb2 e5 26. e3 Bd6 $2 {[#]} (26... Rb8 $16) 27. Qb3+ (27. Rxd6 $1 $18 {[%mdl 512]} Qxd6 28. fxe5 {[%mdl 64] Discovered Attack} Ng4+ 29. hxg4 Qh6+ 30. Kg1 Qxe3+ 31. Rf2) 27... Kh8 28. Rb1 Rb8 29. f5 $2 (29. Qa4 $16 {and life is bright.}) 29... e4 $17 30. Qe6 Qc7 31. Rfd1 ({Not} 31. Bxe4 $2 Re8 $19) 31... Bxg3+ 32. Kh1 Re8 33. Qc4 h6 34. Rd2 Kh7 35. Rbd1 Qe7 36. Rg1 Bb8 ({Better is} 36... Bh4 $17) 37. Bf1 $11 Nh5 {aiming for ...Ng3+.} 38. Rdg2 {The position is equal.} Qh4 $1 {[%cal Rh4h3]} 39. Rxg7+ $1 {[%mdl 64] Decoy} Nxg7 {[#]} 40. Qf7 $1 {[%csl Gg1][%cal Rf7g7][%mdl 576] Double Attack} Be5 {[#]} 41. Rxg7+ $1 {[%mdl 512]} Bxg7 42. Qg6+ Kh8 43. Qxe8+ Kh7 44. Qg6+ Kh8 45. Qe8+ {Accuracy: White = 55%, Black = 46%.} 1/2-1/2